| 000 | 00420nam a22001217a 4500 | ||
|---|---|---|---|
| 020 | _a9780367665340 | ||
| 082 |
_a338.4791 _bTOU |
||
| 245 |
_aTourism policy and planning implementation : _bissues and challenges / _cEdited by Konstantinos Andriotis ; Dimitrios Stylidis ; Adi Weidenfeld |
||
| 260 |
_aLondon: _bRoutledge Taylor & Francis Group, _c2020. |
||
| 300 |
_a195 p. ; _c24 cm. |
||
| 563 | _aPBK. | ||
| 942 |
_2ddc _cBK |
||
| 999 |
_c590372 _d590372 |
||